Problemi che l'Aids pone all'interno del matrimonio (Record n. 208067)

Dettagli MARC
000 -LEADER
fixed length control field 00709npc a2200229Ia 4500
001 - CONTROL NUMBER
control field dd6-1342 [d000001305]
003 - CONTROL NUMBER IDENTIFIER
control field IT-MiCISF
008 - FIXED-LENGTH DATA ELEMENTS--GENERAL INFORMATION
fixed length control field 161014s9999||||xx | und||
040 ## - CATALOGING SOURCE
Original cataloging agency IT-MiCISF
Transcribing agency IT-MiCISF
041 ## - LANGUAGE CODE
Language code of text/sound track or separate title it
999 ## - SYSTEM CONTROL NUMBERS (KOHA)
Koha Dewey Subclass [OBSOLETE] si
100 ## - MAIN ENTRY--PERSONAL NAME
Personal name Verga Andrea
245 #0 - TITLE STATEMENT
Title Problemi che l'Aids pone all'interno del matrimonio
Remainder of title Atti del seminario, Milano 29 settembre 1991
250 ## - EDITION STATEMENT
Edition statement 1a ed.
260 ## - PUBLICATION, DISTRIBUTION, ETC. (IMPRINT)
Place of publication, distribution, etc. Milano
Name of publisher, distributor, etc. Centro lombardo metodo Billings
Date of publication, distribution, etc. 1991
300 ## - PHYSICAL DESCRIPTION
Extent pp. 33
500 ## - GENERAL NOTE
General note / aids, matrimonio, morale, diritto-canonico, comportamento-sessuale, coniugi /
650 ## - SUBJECT ADDED ENTRY--TOPICAL TERM
Topical term or geographic name as entry element morale
700 ## - ADDED ENTRY--PERSONAL NAME
Personal name Ciccone Lino
700 ## - ADDED ENTRY--PERSONAL NAME
Personal name Terraneo Giuseppe
942 ## - ADDED ENTRY ELEMENTS (KOHA)
Koha item type DOCUMENTI
957 ## -
-- 1
999 ## - SYSTEM CONTROL NUMBERS (KOHA)
-- 1
Dati di copia
Withdrawn status Lost status Damaged status Not for loan Home library Current library Date acquired Total Checkouts Full call number Date last seen Price effective from Koha item type Public note
    Buone Condizioni Not For Loan CISF - Milano CISF - Milano 14/10/2016   dd6-1342 [d000001305] 14/10/2016 14/10/2016 DOCUMENTI Data import 15.10.2016 / by Epidotti, Vaglietti
CREDITS: SOCIETA' SAN PAOLO Via A.Severo, 58 - ROMA (RM) & PERIODICI SAN PAOLO SRL Via Giotto, 36 MILANO & CISF Via Giotto, 36 MILANO & EDIZIONI SAN PAOLO SRL,  Piazza Soncino, 5 CINISELLO BALSAMO (MI) -- ITALY